| 000 | 00422ntaaa2200169 4500 | ||
|---|---|---|---|
| 003 | 01 | ||
| 005 | 20251027201911.0 | ||
| 008 | 0714s1973 ag 01 | ||
| 040 |
_aAR-BaBN _bspa _cAR-BaBN _eaacr _dRIC |
||
| 082 | _a244.1000 P38 | ||
| 100 | _aPennell, Mary E. | ||
| 245 | _aChildren's own readers; friends. | ||
| 250 |
_a1 ed. : _bGinn Co., _cc1936 |
||
| 300 | _a145 p. | ||
| 650 |
_aCuentos para NiƱos _94918 |
||
| 942 | _cBK | ||
| 999 |
_c13728 _d13728 |
||